| 000 | 00645nam a2200193 a 4500 | ||
|---|---|---|---|
| 001 | 000772944 | ||
| 003 | AM-YEHGA | ||
| 005 | 20250618073841.0 | ||
| 008 | 101123s1971 ||| r 000 0 rus d | ||
| 040 | _aAM-YeHGA | ||
| 041 | 1 |
_arus _hfre |
|
| 100 | 1 |
_aՀյուգո, Վիկտոր, _d1802-1885 _95858 |
|
| 245 | 1 | 0 |
_aЛирика : _bПеревод с французского / _cВиктор Гюго. |
| 260 |
_aМосква : _bХудож. лит., _c1971. |
||
| 300 |
_a191 с. : _bпортр. |
||
| 440 | 0 | _aСокровища лирической поэзии | |
| 653 | 0 | _aФранцузская литература | |
| 090 | _c285165 | ||
| 999 |
_c283504 _d283504 |
||